000 01594nam a22002417a 4500
999 _c57031
_d57031
003 Ge_BSU
005 20191023115926.0
008 191023s2019 ge ||||| |||| 00| 0 geo d
020 _a9789941488916
041 _ageo
080 _a94(479.22.510)+633.72 მ-19
100 _aმაკარაძე, ემზარ.
_94143
245 _aლაო ჯონჯაუს მოღვაწეობა საქარტველოში /
_cემზარ მაკარაძე ; ოთარ გოგოლიშვილი ; დავით ანდღულაძე ; რედ : ნათელა ფარტენაძე.
264 _aბათუმი :
_bბათუმის შოთა რუსთაველის სახელმწიფო უნივერსიტეტი,
_c2019.
300 _a162 გვ .:
_bილ.;
_c20 სმ.
653 _aისტორია
653 _a ჩინეთის როლის საქართველოში ჩაის კულტურის განვითარებაში
700 _aგოგოლიშვილი, ოთარ
_9930
700 _aანდღულაძე, დავით
_94947
700 _aფარტენაძე , ნათელა
_eრედაქტორი
_94740
710 _eბათუმის შოთა რუსთაველის სახელმწიფო უნივერსიტეტი აღმოსავლეთმცოდნეობის დეპარტამენტი
_94948
942 _2udc
_cBK